Brief Guide to the Dome of the Rock and Al-Haram Al-Shrif (Record no. 4497)

MARC details
000 -LEADER
fixed length control field 00635nam a2200241 a 4500
020 ## - INTERNATIONAL STANDARD BOOK NUMBER
ISBN
082 00 - DEWEY DECIMAL CLASSIFICATION NUMBER
Classification number 725.2
Author Cutter SUP
100 ## - MAIN ENTRY--AUTHOR NAME
Author name Supreme Awqaf Council,
245 ## - TITLE STATEMENT
Title Brief Guide to the Dome of the Rock and Al-Haram Al-Shrif
260 ## - PUBLICATION, DISTRIBUTION, ETC. (IMPRINT)
Place of publication Jerusalem
Name of publisher Supreme Awqaf Council
Year of publication 1965
300 ## - PHYSICAL DESCRIPTION
Number of Pages 100p
500 ## - GENERAL NOTE
General note includes index and biblioraphy
505 2# - FORMATTED CONTENTS NOTE
Formatted contents note Roman Urdu
650 ## - SUBJECT ADDED ENTRY--TOPICAL TERM
Topical Term Architecture-Islamic
942 ## - ADDED ENTRY ELEMENTS (KOHA)
Koha item type Books
700 1# -
-- Supreme Awqaf Council,
Holdings
Collection code Home library Current library Date acquired Cost, normal purchase price Full call number Accession Number Koha item type
  Henry Martyn Institute Library Henry Martyn Institute Library 06/15/2007 100.00 725.2 SUP 08869 Books
                   Copyright © 2026 | Henry Martyn Institute | Hyderabad | TS-500052 | INDIA | Implemented by hmi.edu.in
Hit-Count:

Powered by Koha